|
|
|
|
| LEADER |
00804nam a2200205 a 4500 |
| 001 |
4610274 |
| 008 |
100621s1974 bg ab b 000 0 eng d |
| 010 |
|
|
|a \\\76903222
|
| 040 |
|
|
|a DLC
|c DLC
|d DLC
|d BD-DhAAL
|
| 082 |
0 |
0 |
|a 633.1/8/7
|2 17
|
| 110 |
2 |
|
|a Bangladesh Rice Research Institute.
|
| 245 |
1 |
0 |
|a Deep water rice in Bangladesh.
|
| 260 |
|
|
|a Dhaka :
|b Bangladesh Rice Research Institute,
|c 1974.
|
| 300 |
|
|
|a 156 p. :
|b ill., maps ;
|c 23 cm.
|
| 504 |
|
|
|a Bibliography: p. 151-156.
|
| 541 |
1 |
|
|e 00000372
|
| 650 |
|
0 |
|a Rice
|z Bangladesh.
|
| 852 |
4 |
|
|a Ayesha Abed Library
|j General Shelf
|
| 999 |
|
|
|c 9027
|d 9027
|
| 952 |
|
|
|0 0
|1 0
|2 ddc
|4 0
|6 633_187000000000000_DEE_1974
|7 0
|9 11149
|a BRACUL
|b BRACUL
|c GEN
|d 2010-06-21
|g 0.00
|l 0
|o 633.187 DEE
|p 3010000372
|r 2010-06-21
|t 1
|w 2010-06-21
|y BK
|z Not price in Register
|x Not price in Register
|